| 000 | 00428nam a2200169Ia 4500 | ||
|---|---|---|---|
| 003 | GCL | ||
| 008 | 140319s9999 xx 000 0 eng d | ||
| 040 |
_aGCL / _cGCL |
||
| 082 | 0 | 4 |
_a574.192 _bC B |
| 100 | 1 | _aCOLBY, DIANE S. | |
| 245 | 1 | 0 |
_aBIOCHEMISTRY: A SYNOPSIS / _cCOLBY, DIANE S. |
| 260 |
_a[S.N] : _bLIBRAIRIE DU LIBAN ، _c1985 |
||
| 300 | _a314 P | ||
| 650 | 0 | 4 | _aBIOLOGY |
| 650 | 0 | 4 | _aBIOCHEMISTRY |
| 942 |
_2ddc _cBK |
||
| 999 |
_c19844 _d19844 |
||